Catálogo de la colección etnológica del Museo Nacional de los Estados Unidos. (Record no. 153995)

MARC details
000 -LEADER
campo de control de longitud fija 00915nam a22001935i 4500
001 - NÚMERO DE CONTROL
campo de control 153995
003 - IDENTIFICADOR DE NÚMERO DE CONTROL
campo de control ES-MaACL
005 - FECHA Y HORA DE LA ÚLTIMA TRANSACCIÓN
campo de control 20250813092331.0
008 - DATOS DE LONGITUD FIJA--INFORMACIÓN GENERAL
campo de control de longitud fija 990118s1892 sp |||| | spa d
040 ## - FUENTE DE CATALOGACIÓN
Centro catalogador/agencia de origen CCPB | B
Lengua de catalogación spa
Centro/agencia transcriptor CCPB | B
245 00 - MENCIÓN DEL TÍTULO
Título Catálogo de la colección etnológica del Museo Nacional de los Estados Unidos.
260 ## - PUBLICACIÓN, DISTRIBUCIÓN, ETC.
Lugar de publicación, distribución, etc. Madrid :
Nombre del editor, distribuidor, etc. Est. Tipográfico Sucesores de Rivadeneyra,
Fecha de publicación, distribución, etc. 1892.
300 ## - DESCRIPCIÓN FÍSICA
Extensión 120 p. ;
Dimensiones 25 cm.
610 24 - PUNTO DE ACCESO ADICIONAL DE MATERIA--NOMBRE DE ENTIDAD CORPORATIVA
Nombre de entidad corporativa o nombre de jurisdicción como elemento de entrada United States National Museum-
Subdivisión de forma Catálogos.
9 (RLIN) 148015
650 #7 - PUNTO DE ACCESO ADICIONAL DE MATERIA--TÉRMINO DE MATERIA
Término de materia o nombre geográfico como elemento de entrada Antropología cultural y social
Fuente del encabezamiento o término embne
9 (RLIN) 9867
711 2# - ENTRADA AGREGADA--NOMBRE DE REUNIÓN
Nombre de congreso/reunión o jurisdicción como elemento de entrada Exposición Histórico-Americana
Fecha del congreso o de la firma del tratado (1892.
Sede del congreso/Lugar de la reunión Madrid)
9 (RLIN) 135137
852 ## - LOCALIZACIÓN
Ubicación ES-MaACL
Número de control de estantería G-5346
Nota libre -- Enc. tela
-- -- Dedicatoria ms. de Walter Hough al Ateneo de Madrid
Encuadernación -- Edic.: Precede al tit.: Exposición histórico-americana, Madrid 1892, Estados Unidos -- En pag.1 consta como autor Walter Hough
Holdings
Estatus retirado Estado de pérdida Estado de daño No para préstamo Colección Biblioteca de origen Biblioteca actual Ubicación en estantería Fecha de adquisición Fuente de adquisición Total de préstamos Signatura topográfica completa Código de barras Visto por última vez Precio de reemplazo Tipo de ítem Koha
        Libros del s. XIX Biblioteca del Ateneo de Madrid Biblioteca del Ateneo de Madrid Depósito 2 17/01/2008     G-5346 1161013 23/02/2023 23/02/2023 Libro impreso antiguo